000 00879nam a2200253Ia 4500
003 OSt
005 20221005112331.0
006 a|||||r|||| 00| 0
007 ta
008 221004b |||||||| |||| 00| 0 pan d
020 _a9788178562124 (hbk)
_c200
024 _a104559
037 _b505, 02/02/2011, H.K. Prakashan
_cTextual
040 _aCRL
_cCRL
_bpan
041 _2pan
_apan
082 _aO153,1M72:g, P8
100 _aਪਰਮਪ੍ਰੀਤ ਕੌਰ
245 0 _aਭਾਈ ਵੀਰ ਸਿੰਘ ਕਾਵਿ ਤੇ ਨਾਵਲ
260 _aਅੰਮ੍ਰਿਤਸਰ
_bਵਾਰਿਸ ਾਹ ਭਾਰਤ
_c2008
300 _a160ਪੰ
_ccm.
650 _aਪੰਜਾਬੀ ਸਾਹਿਤ
942 _hO153,1M72:g, P8
_cTEXL
_2cc
999 _c1024585
_d1024585